| 000 | 01221nam0a2200313 4500 | ||
|---|---|---|---|
| 001 | RU\NLR\bibl\1431923 | ||
| 005 | 20260405152741.0 | ||
| 010 | _a978-5-235-03297-2 | ||
| 021 |
_aRU _b2009-70297 _94355 |
||
| 035 | _a(NLR Aleph) 001423834 | ||
| 090 |
_a1359552 _c1359552 |
||
| 100 | _a20091029d2009 |||y0rusy50 ca | ||
| 101 | 1 |
_arus _cche |
|
| 102 | _aRU | ||
| 105 | _ac ||||||||| | ||
| 200 | 1 |
_aОрлиная высота _eдрузьям моей Вселенной _e[стихотворения] _fАльви Бено _g[пер. с чечен. В. Артемова] |
|
| 205 | _a[Изд. 2-е] | ||
| 210 |
_aМосква _cМолодая гвардия _d2009 |
||
| 215 |
_a237, [1] с. _cпортр. _d17 |
||
| 300 | _aНа 4-й с. обл. авт.: Альви Бено (Абубакар Киндаров), поэт и журналист | ||
| 320 | _aДр. произведения авт. на 4-й с. обл. | ||
| 686 | _aШ6(2=Че)7-5{Лх-чечен.615-75} | ||
| 700 | 1 |
_4070 _7ca _8rus _aБено _bА. _gАльви _946759 _3RU\NLR\auth\7763830 |
|
| 702 | 1 |
_aАртемов _bА. _4730 |
|
| 801 | 0 |
_aRU _bNLR _c20091029 _gRCR |
|
| 801 | 1 |
_aRU _bNLR _c20091029 |
|
| 942 | _cBOOK | ||
| 980 | _aNB | ||